000 00466nam a2200169Ia 4500
005 20250923144725.0
008 008 250917s9999 xx 000 0 eng d
037 _aTextual
040 _aDSWL
_beng
_cDSWL
041 _aeng
_2eng
084 _aY12
_qDSWL
245 0 _aProblem of delinquency
_cEd. by Sheldon Glueck
260 _aCambridge
_bBoston Houghton Mifflin Co.
_c1959
300 _axvi,1183p.
942 _cTEXL
_hY12
999 _c1442518
_d1442518